| 000 | 00430nam a22001577a 4500 | ||
|---|---|---|---|
| 005 | 20150828110435.0 | ||
| 008 | 150828b xxu||||| |||| 00| 0 eng d | ||
| 020 | _a969479093 | ||
| 040 | _cPK-LaUMT | ||
| 082 |
_aKHC 958.1 _bKAR-T |
||
| 100 | _aکرسٹینا لمیب | ||
| 245 |
_aطالبان کا افغانستان _cکرسٹینا لمیب |
||
| 260 |
_aلاہور _bنگارشات _c2007 |
||
| 300 | _a319 ص | ||
| 942 | _cBK | ||
| 999 |
_c75190 _d75190 |
||